LEADER 01095nam a2200241 i 4500 001 000000104419 003 CaOOAMICUS 005 20070412100914.0 008 070322s2006 it b u000 u ita r 040 $aPUL$bita$dLDB 100 1 $aPirandello, Luigi,$d1867-1936.$0(OLS)http://pul/name/64108 245 13$aIl fu Mattia Pascal ; Sei personaggi in cerca d'autore /$cLuigi Pirandello. 260 $aMilano :$bR.C.S. Quotidiani,$c2006. 300 $a390 p. ;$c18cm 490 1 $aI Nobel della letteratura ;$v5 740 03$aSei personaggi in cerca di autore. 830 2$aI Nobel della letteratura,$x1129-08500 ;$v5.$0(OLS)http://pul/title/131326 850 $aPUL 852 $aPUL$W1$xDP2 Cons. Gen., Altre Classi 3$y97$m800 COLL 1.5$j116806$qDDC 21$B116799$CPULBib$Z2$F116799 $H103205 $82 941 1 $a9 996 $6245$aIl fu Mattia Pascal ; Sei personaggi in cerca d'autore$9(OLS)http://pul/title/131337 996 $6740$aSei personaggi in cerca di autore$9(OLS)http://pul/title/131338 996 $6260$aMilano :$bR.C.S. Quotidiani$9(OLS)http://pul/publisher/79195 LEADER 01224nam a2200253 u 4500 001 000000064195 003 CaOOAMICUS 005 20070226121329.0 008 011114s1988 it u000 u ita u 035 $a10909921 040 $aPUL(R)$bita 100 1 $aManno, Ambrogio Giacomo.$0(OLS)http://pul/name/38066 245 13$aIl problema di Dio nei grandi pensatori.$nVolume quarto,$pIl pensiero di Spinoza tra scienza e razionalismo dl '600 /$cAmbrogio Giacomo Manno. 246 30$aPensiero di Spinoza tra scienza e razionalismo del '600 260 $aNapoli :$bLoffredo,$c1988. 300 $a283 p. ;$c24 cm 600 14$aSpinoza, Benedictus de,$d1632-1677.$0(OLS)http://pul/subject/4837 850 $aPUL 852 $aPUL$W1$xSL Filosofia 1$y2$m83 D 50$j83260$nBK-PRI$b $qStampati$B83260$CPULBib$Z2$F83260 $H $81 941 1 $a8 961 $aINV: 60267 996 $6245$aIl problema di Dio nei grandi pensatori.$nVolume quarto,$pIl pensiero di Spinoza tra scienza e razionalismo dl '600$9(OLS)http://pul/title/85551 996 $6246$aPensiero di Spinoza tra scienza e razionalismo del '600$9(OLS)http://pul/title/85552 996 $6260$aNapoli :$bLoffredo$9(OLS)http://pul/publisher/48443